Normal view
MARC view
Entry Término temático
001 - NÚMERO DE CONTROL
- campo de control: 78519
003 - IDENTIFICADOR DEL NÚMERO DE CONTROL
- campo de control: DO-SdBNP
005 - FECHA Y HORA DE LA ÚLTIMA TRANSACCIÓN
- campo de control: 20210429101202.0
008 - DATOS DE LONGITUD FIJA
- campo de control de longitud fija: 210429|| aca||aabn | a|a d
040 ## - FUENTE DE LA CATALOGACIÓN
- Centro catalogador/agencia de origen: DO-SdBNP
- Centro/agencia transcriptor: DO-SdBNP
150 ## - ENCABEZAMIENTO--TÉRMINO DE MATERIA
- Término de materia o nombre geográfico como elemento de entrada: Numismática
- Subdivisión de forma: Exposiciones
670 ## - FUENTE DE DATOS ENCONTRADOS
- Cita de la fuente: Work cat.: (DO-SdBNP)28151: Banco Central de la República Dominicana Departamento cultural 7006, Exposiciones temporales en el Museo Numismático y Filatélico /, 2010.
